00318nam a2200121Ia 4500008004100000041000800041082001400049100001500063245005700078250001500135260002700150300001900177240719s9999 xx 000 0 und d aeng a519.5 BLA aBlack, Ken aBusiness Statistics For Contemporary Decision Making a(10th Ed.) aNew DelhibWileyc2022 a832;. P. 28 Cm